<?xml version="1.0" encoding="UTF-8"?>
<record
    xmlns:xsi="http://www.w3.org/2001/XMLSchema-instance"
    xsi:schemaLocation="http://www.loc.gov/MARC21/slim http://www.loc.gov/standards/marcxml/schema/MARC21slim.xsd"
    xmlns="http://www.loc.gov/MARC21/slim">

  <leader>01279nam a2200169   4500</leader>
  <controlfield tag="001">13832</controlfield>
  <controlfield tag="005">20250313110102.0</controlfield>
  <datafield tag="010" ind1=" " ind2=" ">
    <subfield code="a">9782842609658</subfield>
  </datafield>
  <datafield tag="090" ind1=" " ind2=" ">
    <subfield code="a">13832</subfield>
  </datafield>
  <datafield tag="099" ind1=" " ind2=" ">
    <subfield code="o">0</subfield>
  </datafield>
  <datafield tag="100" ind1=" " ind2=" ">
    <subfield code="a">20250313d        u||y0frey50      ba</subfield>
  </datafield>
  <datafield tag="200" ind1=" " ind2=" ">
    <subfield code="a">Esp&#xE8;ces Disparues ?</subfield>
    <subfield code="b">LIVR</subfield>
  </datafield>
  <datafield tag="214" ind1=" " ind2=" ">
    <subfield code="c">Editions Th&#xE9;&#xE2;trales</subfield>
    <subfield code="d">2025</subfield>
  </datafield>
  <datafield tag="323" ind1=" " ind2=" ">
    <subfield code="a">ind&#xE9;fini</subfield>
  </datafield>
  <datafield tag="330" ind1=" " ind2=" ">
    <subfield code="a">Dans un futur proche, les &#xE9;motions comme l'esprit critique ont &#xE9;t&#xE9; interdits : place au confort !
Un groupe d'humains visite en avant-premi&#xE8;re le Centre international des esp&#xE8;ces disparues : du dodo de l'&#xEE;le Maurice au dauphin blanc, ils s'extasient devant ces reliques d'un monde oubli&#xE9;. Jusqu'&#xE0; un curieux hominid&#xE9; qui leur semble familier et ravive peu &#xE0; peu souvenirs et &#xE9;motions, provoquant des craintes de contamination au sein du groupe.
St&#xE9;phane Jaubertie livre une com&#xE9;die grin&#xE7;ante qui pointe joyeusement les travers de notre soci&#xE9;t&#xE9; et les menaces qui p&#xE8;sent sur nos d&#xE9;mocraties. Gr&#xE2;ce &#xE0; un humour f&#xE9;roce et un vrai sens du rythme, ce texte offre &#xE0; des interpr&#xE8;tes multiples une mati&#xE8;re &#xE0; jouer jubilatoire, une plong&#xE9;e dans un univers th&#xE9;&#xE2;tral qui interroge notre avenir. </subfield>
  </datafield>
  <datafield tag="610" ind1=" " ind2=" ">
    <subfield code="a">Distopie</subfield>
    <subfield code="a">Socialisme</subfield>
    <subfield code="a">Humour</subfield>
    <subfield code="a">Politique</subfield>
    <subfield code="a">Soci&#xE9;t&#xE9;</subfield>
    <subfield code="a">Avenir</subfield>
    <subfield code="a">Capitalisme</subfield>
    <subfield code="a">LIb&#xE9;ralisme</subfield>
  </datafield>
  <datafield tag="700" ind1=" " ind2=" ">
    <subfield code="a">Jaubertie</subfield>
    <subfield code="b">St&#xE9;phane</subfield>
  </datafield>
  <datafield tag="995" ind1=" " ind2=" ">
    <subfield code="2">0</subfield>
    <subfield code="5">2025-03-13</subfield>
    <subfield code="9">13711</subfield>
    <subfield code="c">JOL</subfield>
    <subfield code="f">JOL-007524</subfield>
    <subfield code="k">TH JAU X</subfield>
    <subfield code="n">2026-05-28</subfield>
    <subfield code="o">0</subfield>
    <subfield code="b">JOL</subfield>
    <subfield code="r">LIVR</subfield>
  </datafield>
</record>
